01758cam a22002654i 4500003000900000005001700009008004100026035001900067040003300086082002400119100003000143245003200173264003200205300004600237336002100283337002500304338002300329505106600352526000901418526000901427526000801436526000801444526000801452600003201460PE-LiUPU20250731183418.0150625s r 000 0 d a(Sirsi) a34862 aPE-LiUPUbspacPE-LiUPUerda04a780.92bC / G762211 aGourdet, Georges,eautor.10aDebussy /cGeorges Gourdet. 1aBarcelona :bDaimon,c1968. a747 páginas :bilustraciones ;c18 cm. atext2rdacontent aunmediated2rdamedia avolume2rdacarrier0 aEl cuerpo humano .-El organismo humano y su constitución .-Los organos y sus funciones .-Las enfermedades y sus síntomas y su evolución .- Unas palabras sobre la historia de la medecina.-Descripción de las enfermedades más corrientes .-Enfermedades del personalidad.-Enfermedades congénitas y de la infancia.-Infecciones , traumatismo y afecciones quirúrgicas .-La ciencia y la naturaleza al servicio de la medecina .- Hidroterapia, helioterapia ,fitoterapia y crenoterapia .-Que son y que nos dice los análisis .-Como medir la temperatura .- Exploración del riñón y sus resultados.-Analisis de sangre .-Transtornos de la coagulación .-Exploración cardaica ydel sistema nervioso .-Exploración del higado .-Exploración del tubo digestivo.-Exploración funcional del aparato respiratorio.-Análisis de secreciones diversas.-Análisis de la leche materna .-Cutirreacciones e intradermorreacciones.-Exploración de las funciones endocrinas .-El arte de cuidar a los enfermos .- Las teorias y las personas en presencia de las. aP158 aP146 aP17 aP12 aP061 aDebussy, Claude.d1862-1918